| 000 | 00720nam a2200217 a 4500 | ||
|---|---|---|---|
| 001 | 000007384 | ||
| 003 | DO-SdBNP | ||
| 005 | 20240412074204.0 | ||
| 008 | 090908s1999 dr c 001 p spa d | ||
| 040 |
_aDO-SdBNP _bspa _cBNPHU |
||
| 082 | 4 |
_aRD861.44 _bB533e _222 |
|
| 100 | 1 |
_aBerroa, Robert _d1955- _920525 |
|
| 245 | 1 | 0 |
_aEspacio fecundo : _bantología de poetas hatomayorenses / _cRobert Berroa. |
| 260 |
_aSanto Domingo, _c1999. |
||
| 300 |
_a228 p. : _bretrs ; _c21 cm. |
||
| 500 | _aIncluye datos biográficos del autor en la solapa. | ||
| 650 | 0 |
_aPoesía dominicana _966 |
|
| 650 | 0 |
_aLiteratura dominicana. _967 |
|
| 650 | 4 |
_aAutores _zHato Mayor (República Dominicana) _vBiografías _920526 |
|
| 942 |
_2ddc _cLBS1 |
||
| 999 |
_c7165 _d7165 |
||